Bhutan Every Newborn Action Plan (2016-2023) (Record no. 9387)

MARC details
000 -LEADER
fixed length control field 00366nam a22001457a 4500
005 - DATE AND TIME OF LATEST TRANSACTION
control field 20230301094932.0
008 - FIXED-LENGTH DATA ELEMENTS--GENERAL INFORMATION
fixed length control field 230301b |||||||| |||| 00| 0 eng d
040 ## - CATALOGING SOURCE
Transcribing agency ##$aRTC$cRTC
082 ## - DEWEY DECIMAL CLASSIFICATION NUMBER
Classification number 362.198
100 ## - MAIN ENTRY--PERSONAL NAME
Personal name UNICEF
245 ## - TITLE STATEMENT
Title Bhutan Every Newborn Action Plan (2016-2023)
260 ## - PUBLICATION, DISTRIBUTION, ETC.
Name of publisher, distributor, etc. Unicef Bhutan,
Date of publication, distribution, etc. 2017
300 ## - PHYSICAL DESCRIPTION
Extent 64 p.
Dimensions 30 cm
942 ## - ADDED ENTRY ELEMENTS (KOHA)
Source of classification or shelving scheme Dewey Decimal Classification
Koha item type Binder
Holdings
Withdrawn status Lost status Source of classification or shelving scheme Damaged status Not for loan Collection code Home library Current library Shelving location Date acquired Serial Enumeration / chronology Full call number Barcode Date last seen Price effective from Koha item type
    Dewey Decimal Classification     Binding Materials. GELEPHU GELEPHU Main opac 01/03/2023 177178 362.198 UNI c.1 30018613 01/03/2023 01/03/2023 Binder
    Dewey Decimal Classification     Binding Materials. GELEPHU GELEPHU Main opac 01/03/2023 177179 362.198 UNI c.2 30018593 01/03/2023 01/03/2023 Binder
    Dewey Decimal Classification     Binding Materials. GELEPHU GELEPHU Main opac 01/03/2023 177180 362.198 UNI c.3 30018612 01/03/2023 01/03/2023 Binder
    Dewey Decimal Classification     Binding Materials. GELEPHU GELEPHU Main opac 01/03/2023 177181 362.198 UNI c.4 30018592 01/03/2023 01/03/2023 Binder
    Dewey Decimal Classification     Binding Materials. GELEPHU GELEPHU Main opac 01/03/2023 177182 362.198 UNI c.5 30018609 01/03/2023 01/03/2023 Binder
    Dewey Decimal Classification     Binding Materials. GELEPHU GELEPHU Main opac 01/03/2023 177183 362.198 UNI c.6 30018707 01/03/2023 01/03/2023 Binder
    Dewey Decimal Classification     Binding Materials. GELEPHU GELEPHU Main opac 01/03/2023 177184 362.198 UNI c.7 30018727 01/03/2023 01/03/2023 Binder
    Dewey Decimal Classification     Binding Materials. GELEPHU GELEPHU Main opac 01/03/2023 177185 362.198 UNI c.8 30018523 01/03/2023 01/03/2023 Binder
    Dewey Decimal Classification     Binding Materials. GELEPHU GELEPHU Main opac 01/03/2023 177186 362.198 UNI c.9 30018039 01/03/2023 01/03/2023 Binder
    Dewey Decimal Classification     Binding Materials. GELEPHU GELEPHU Main opac 01/03/2023 177187 362.198 UNI c.10 30018607 01/03/2023 01/03/2023 Binder
Royal Thimphu College || All Right Reserved